TextBook of Large Ruminant Production and Management [Cattle and Buffalo] (Record no. 2198)
[ view plain ]
| 000 -LEADER | |
|---|---|
| fixed length control field | 00384nam a22001337a 4500 |
| 008 - FIXED-LENGTH DATA ELEMENTS--GENERAL INFORMATION | |
| fixed length control field | 250310b |||||||| |||| 00| 0 eng d |
| 020 ## - INTERNATIONAL STANDARD BOOK NUMBER | |
| ISBN | 9789390757879 |
| 100 ## - MAIN ENTRY--AUTHOR | |
| Author | Das Bhabesh Claudra |
| 245 ## - TITLE STATEMENT | |
| Title | TextBook of Large Ruminant Production and Management [Cattle and Buffalo] |
| 260 ## - PUBLICATION, DISTRIBUTION, ETC. (IMPRINT) | |
| Place of publication | New Delhi |
| Name of publisher | Brilion Publishing |
| Date of publication | 2021 |
| 300 ## - COLLATION | |
| Pagination | vi,298p |
| 942 ## - ADDED ENTRY ELEMENTS (KOHA) | |
| Item type | Books |
| 050 ## - LIBRARY OF CONGRESS CALL NUMBER | |
| Classification number | SF61 |
| Item number | .D37 |
| Source of classification or shelving scheme | Not for loan | Permanent location | Current location | Date acquired | Accession No. | Full call number | Barcode. | Koha item type |
|---|---|---|---|---|---|---|---|---|
| Library of Congress Classification | Samuel Ogbemudia Main Library, University of Abuja | Samuel Ogbemudia Main Library, University of Abuja | 03/10/2025 | 2024/62086 | SF61.D37 | 2025-0438 | Books |